Normal view
MARC view
Entry Personal Name
001 - CONTROL NUMBER
- control field: 19956
003 - CONTROL NUMBER IDENTIFIER
- control field: ARRUPE
005 - DATE AND TIME OF LATEST TRANSACTION
- control field: 20150917125437.0
008 - FIXED-LENGTH DATA ELEMENTS
- fixed length control field: 150917|| aca||aabn | a|a d
040 ## - CATALOGING SOURCE
- Original cataloging agency: ARRUPE
- Transcribing agency: ARRUPE
100 ## - HEADING--PERSONAL NAME
- Personal name: Graves, Robert,
- Dates associated with a name: 1895-1985.
670 ## - SOURCE DATA FOUND
- Source citation: Work cat.: (ARRUPE)0: Suetonius,Tranquillus 19953, The twelve Caesars /, 1979.